ბათუმის შოთა რუსთაველის სახელმწიფო უნივერსიტეტის ბიბლიოთეკა

ქლიავის ყვავილი : (ბიბ.ჩანაწერი № 55639)

000 -ლიდერი
ფიქსირებული სიგრძის საკონტროლო ველი 01796nam a2200277Ia 4500
001 - საკონტროლო ნომერი
საკონტროლო ველი 22734
003 - საკონტროლო ნომრის იდენტიფიკატორი
საკონტროლო ველი GE_BSU
005 - ბოლო ოპერაციის თარიღი და დრო
საკონტროლო ველი 20230504171650.0
008 - ფიქსირებული სიგრძის მონაცემთა ელემენტები - ზოგადი ინფორმაცია
ფიქსირებული სიგრძის საკონტროლო ველი 181216s ||||ge |||||||||||||| ||geo||
020 ## - წიგნის საერთაშორისო სტანდარტული ნომერი
International Standard Book Number 9789941260292
040 ## - კატალოგიზაციის წყარო
Transcribing agency GE_BSU
041 ## - ენის კოდი
Language code of text/sound track or separate title geo
080 ## - უნივერსალური ათობითი კლასიფიკაციის ინდექსი
Universal Decimal Classification number 821.581.03=353.1 ტ-55
100 ## - მთავარი ჩანაწერი - პიროვნების სახელი
Personal name ტიან ჰე.
9 (RLIN) 17974
245 ## - ცნობა სათაურის შესახებ
Title ქლიავის ყვავილი :
Remainder of title ლექსები /
Statement of responsibility, etc ტიან ჰე ; ლექსთა ქართულენოვანი პწკარედი მოამზადა ნუცა ქათამაძე, რუსულენოვანი ევდოკია ნესტეროვამ ; წინასიტყვაობა პეტრე მცირიშვილი ; ანა მგალობლიშვილის ილუსტრაციები.
250 ## - გამოცემის ცნობა
Edition statement I გამოცემა
264 ## - წარმოების, გამოცემის, დისტრიბუციის და სხვა ცნობები
გამოცემის, წარმოების, დისტრიბუციის... ადგილი თბილისი :
გამოცემის, წარმოების, დისტრიბუციის... სახელწოდება უნივერსალი,
გამოცემის, წარმოების, დისტრიბუციის... თარიღი 2017.
300 ## - ფიზიკური აღწერა
Extent 176 გვ. :
Other physical details ილ. ;
Dimensions 20 სმ.
500 ## - ზოგადი შენიშვნა
General note განმარტებანი : გვ.157-158
653 ## - INDEX TERM--UNCONTROLLED
Uncontrolled term Plum flower : Poetry
653 ## - INDEX TERM--UNCONTROLLED
Uncontrolled term ლიტერატურა
653 ## - INDEX TERM--UNCONTROLLED
Uncontrolled term ქლიავის ყვავილი : ლექსები
653 ## - INDEX TERM--UNCONTROLLED
Uncontrolled term ძიანანის აბრეშუმი ; წყლის დინება ; თიხის ქოთანი ; მოუხმობდე მშობლიურ ქალაქს ; მწუხრი ; გადამფრენი ფრინველები ; შუახნის გლეხკაცი ; შუაღამე ქვის სამტეხლოში ; მთის ტაძარში და სხვ..
942 ## - ADDED ENTRY ELEMENTS (KOHA)
Koha item type წიგნი
Source of classification or shelving scheme
ეგზემპლარები
ჩამოწერის სტატუსი დაკარგული ეგზემპლარის სტატუსი კლასიფიკაციის წყარო ან თაროზე გაწყობის სქემა დაზიანების სტატუსი არ გაიცემა მუდმივი მდებარეობა (დაცვის ადგილი) ამჟამინდელი ადგილსამყოფელი თაროზე განთავსების ადგილი შეძენის თარიღი ღირებულება, შესყიდვის ნორმალური ფასი სრული შენახვის შიფრი შტრიხკოდი ბოლო ოპერაციის თარიღი ეგზემპლარის მიმდევრობითი ნომერი (კეტერი?) ფასის ძალაში შესვლის თარიღი ეგზემპლარის სახეობა საჯარო შენიშვნა
          ბათუმის შოთა რუსთაველის სახელმწიფო უნივერსიტეტის მთავარი ბიბლიოთეკა ბათუმის შოთა რუსთაველის სახელმწიფო უნივერსიტეტის მთავარი ბიბლიოთეკა წიგნსაცავი 2018-12-17 4.00 821.581.03=353.1 ტ-55 58239 2018-12-17 58239 2018-12-17 წიგნი 4.00 ₾.